[Event "Landsturneringen 2017"]
[Site "Clarion Energy Hotel, Stavanger"]
[Date "2017.07.01"]
[Round "2"]
[White "Machlik, Endre"]
[Black "Haldorsen, Benjamin"]
[Result "0-1"]
[WhiteElo "2194"]
[BlackElo "2356"]
[PlyCount "58"]

1. d4 {[%clk 1:30:57]} d5 {[%clk 1:30:47]} 2. c4 {[%clk 1:31:21]} dxc4
{[%clk 1:31:08]} 3. e4 {[%clk 1:31:35]} b5 {[%clk 1:31:31]} 4. a4
{[%clk 1:27:51]} c6 {[%clk 1:31:18]} 5. Nc3 {[%clk 1:19:35]} a6 {[%clk 1:31:39]}
6. axb5 {[%clk 1:15:45]} cxb5 {[%clk 1:32:03]} 7. Nxb5 {[%clk 1:14:57]} axb5
{[%clk 1:32:27]} 8. Rxa8 {[%clk 1:15:22]} Bb7 {[%clk 1:32:51]} 9. Ra1
{[%clk 1:12:55]} e6 {[%clk 1:33:06]} 10. Nf3 {[%clk 1:07:46]} Nf6
{[%clk 1:33:07]} 11. Be2 {[%clk 0:54:57]} Nxe4 {[%clk 1:33:16]} 12. O-O
{[%clk 0:54:48]} Nc6 {[%clk 1:33:39]} 13. Be3 {[%clk 0:46:59]} Bb4
{[%clk 1:33:51]} 14. Ne5 {[%clk 0:41:25]} O-O {[%clk 1:33:46]} 15. Bf3
{[%clk 0:38:12]} Na5 {[%clk 1:33:10]} 16. Qc2 {[%clk 0:31:10]} f5
{[%clk 1:27:25]} 17. Rad1 {[%clk 0:21:35]} Qe7 {[%clk 1:20:49]} 18. g3
{[%clk 0:15:17]} Bd5 {[%clk 1:11:46]} 19. Rb1 {[%clk 0:11:22]} Qb7
{[%clk 1:06:55]} 20. Bg2 {[%clk 0:09:29]} Nb3 {[%clk 1:06:31]} 21. Rbd1
{[%clk 0:06:05]} Rd8 {[%clk 1:06:21]} 22. g4 {[%clk 0:02:54]} Ned2
{[%clk 0:47:59]} 23. Bxd5 {[%clk 0:00:36]} Rxd5 {[%clk 0:48:28]} 24. Rfe1
{[%clk 0:00:31]} Rxe5 {[%clk 0:48:41]} 25. Bxd2 {[%clk 0:00:32]} Rxe1+
{[%clk 0:48:18]} 26. Bxe1 {[%clk 0:00:31]} Bxe1 {[%clk 0:48:45]} 27. Rxe1
{[%clk 0:00:32]} Nxd4 {[%clk 0:49:09]} 28. Qd1 {[%clk 0:00:32]} Nf3+
{[%clk 0:49:19]} 29. Kf1 {[%clk 0:00:59]} Nxh2+ {[%clk 0:49:29]}
0-1

[Event "Landsturneringen 2017"]
[Site "Clarion Energy Hotel, Stavanger"]
[Date "2017.07.02"]
[Round "3"]
[White "Holm, Kristian Stuvik"]
[Black "Hammer, Jon Ludvig"]
[Result "0-1"]
[WhiteElo "2403"]
[BlackElo "2628"]
[PlyCount "66"]

1. d4 {[%clk 1:30:57]} d5 {[%clk 1:30:54]} 2. c4 {[%clk 1:31:18]} e6
{[%clk 1:31:19]} 3. Nc3 {[%clk 1:31:31]} c6 {[%clk 1:31:42]} 4. e3
{[%clk 1:28:55]} Nf6 {[%clk 1:31:50]} 5. Nf3 {[%clk 1:29:09]} Nbd7
{[%clk 1:32:07]} 6. Qc2 {[%clk 1:26:45]} Bd6 {[%clk 1:31:51]} 7. Bd3
{[%clk 1:25:02]} O-O {[%clk 1:28:52]} 8. O-O {[%clk 1:24:04]} dxc4
{[%clk 1:26:33]} 9. Bxc4 {[%clk 1:23:31]} b5 {[%clk 1:26:50]} 10. Be2
{[%clk 1:21:47]} Bb7 {[%clk 1:22:50]} 11. e4 {[%clk 1:17:33]} e5 {[%clk 1:22:27]}
12. Rd1 {[%clk 1:15:19]} Qc7 {[%clk 1:18:21]} 13. dxe5 {[%clk 1:09:41]} Nxe5
{[%clk 1:17:24]} 14. Nd4 {[%clk 1:08:44]} b4 {[%clk 1:03:40]} 15. Na4
{[%clk 1:07:26]} Ng6 {[%clk 1:01:04]} 16. g3 {[%clk 1:04:20]} Rfe8
{[%clk 1:01:02]} 17. Bf3 {[%clk 0:56:40]} Bf8 {[%clk 1:01:25]} 18. Bg2
{[%clk 0:46:51]} c5 {[%clk 1:01:17]} 19. f3 {[%clk 0:47:08]} Rad8
{[%clk 0:50:02]} 20. Bg5 {[%clk 0:42:53]} Qa5 {[%clk 0:47:56]} 21. Nf5
{[%clk 0:39:26]} c4 {[%clk 0:48:11]} 22. Nh6+ {[%clk 0:29:43]} gxh6
{[%clk 0:47:10]} 23. Bxf6 {[%clk 0:30:07]} Rxd1+ {[%clk 0:46:46]} 24. Rxd1
{[%clk 0:29:12]} Bc6 {[%clk 0:46:08]} 25. b3 {[%clk 0:29:08]} c3 {[%clk 0:36:40]}
26. f4 {[%clk 0:26:29]} Bg7 {[%clk 0:29:28]} 27. Bxg7 {[%clk 0:24:34]} Kxg7
{[%clk 0:29:08]} 28. e5 {[%clk 0:15:44]} Bxg2 {[%clk 0:13:13]} 29. Qxg2
{[%clk 0:13:54]} Rd8 {[%clk 0:13:36]} 30. Rd6 {[%clk 0:13:47]} Qc7
{[%clk 0:07:27]} 31. Rxd8 {[%clk 0:05:52]} c2 {[%clk 0:06:36]} 32. Qa8
{[%clk 0:05:30]} c1=Q+ {[%clk 0:06:59]} 33. Kf2 {[%clk 0:05:48]} Q7c2+
{[%clk 0:07:08]}
0-1

[Event "Landsturneringen 2017"]
[Site "Clarion Energy Hotel, Stavanger"]
[Date "2017.07.02"]
[Round "3"]
[White "Agdestein, Simen"]
[Black "Gandrud, Vegar Koi"]
[Result "1-0"]
[WhiteElo "2604"]
[BlackElo "2330"]
[PlyCount "81"]

1. d4 {[%clk 1:30:55]} Nf6 {[%clk 1:30:51]} 2. Nf3 {[%clk 1:31:10]} g6
{[%clk 1:31:07]} 3. Bg5 {[%clk 1:31:05]} Bg7 {[%clk 1:31:04]} 4. Nbd2
{[%clk 1:31:31]} d5 {[%clk 1:30:56]} 5. e3 {[%clk 1:30:47]} Nbd7 {[%clk 1:29:24]}
6. Be2 {[%clk 1:24:02]} O-O {[%clk 1:29:32]} 7. O-O {[%clk 1:24:17]} c5
{[%clk 1:24:58]} 8. a4 {[%clk 1:11:22]} b6 {[%clk 1:21:19]} 9. a5
{[%clk 1:08:17]} a6 {[%clk 1:14:18]} 10. axb6 {[%clk 1:06:34]} Qxb6
{[%clk 1:14:40]} 11. Ra2 {[%clk 1:06:15]} Re8 {[%clk 1:07:59]} 12. Nb3
{[%clk 0:57:33]} cxd4 {[%clk 0:52:34]} 13. exd4 {[%clk 0:56:00]} Ne4
{[%clk 0:45:09]} 14. Bf4 {[%clk 0:52:37]} a5 {[%clk 0:41:12]} 15. Qa1
{[%clk 0:49:48]} e5 {[%clk 0:40:23]} 16. Be3 {[%clk 0:43:42]} exd4
{[%clk 0:40:09]} 17. Nbxd4 {[%clk 0:31:50]} Ne5 {[%clk 0:35:32]} 18. Nf5
{[%clk 0:15:20]} Nxf3+ {[%clk 0:28:40]} 19. Bxf3 {[%clk 0:15:09]} d4
{[%clk 0:29:00]} 20. Nxg7 {[%clk 0:15:28]} dxe3 {[%clk 0:29:16]} 21. Nxe8
{[%clk 0:14:54]} exf2+ {[%clk 0:28:45]} 22. Kh1 {[%clk 0:13:28]} Bb7
{[%clk 0:28:35]} 23. Bxe4 {[%clk 0:05:53]} Bxe4 {[%clk 0:28:56]} 24. Nd6
{[%clk 0:02:26]} Qxd6 {[%clk 0:18:47]} 25. Rxf2 {[%clk 0:02:51]} Qc5
{[%clk 0:18:50]} 26. Qf1 {[%clk 0:01:05]} Rd8 {[%clk 0:17:59]} 27. Ra1
{[%clk 0:01:17]} Bf5 {[%clk 0:17:31]} 28. Qe1 {[%clk 0:01:05]} Rd5
{[%clk 0:17:40]} 29. Rd2 {[%clk 0:01:05]} Re5 {[%clk 0:17:23]} 30. Re2
{[%clk 0:01:32]} Rd5 {[%clk 0:17:01]} 31. Rd2 {[%clk 0:02:00]} Re5
{[%clk 0:17:20]} 32. Re2 {[%clk 0:02:21]} Rd5 {[%clk 0:17:21]} 33. h3
{[%clk 0:02:12]} Qd6 {[%clk 0:15:28]} 34. Re8+ {[%clk 0:02:01]} Kg7
{[%clk 0:15:50]} 35. Qc3+ {[%clk 0:02:18]} Kh6 {[%clk 0:13:04]} 36. Qe3+
{[%clk 0:01:30]} Kg7 {[%clk 0:13:09]} 37. Qc3+ {[%clk 0:01:27]} Kh6
{[%clk 0:13:34]} 38. Rxa5 {[%clk 0:01:37]} Rxa5 {[%clk 0:13:25]} 39. Qxa5
{[%clk 0:02:04]} Bxh3 {[%clk 0:11:31]} 40. Qe5 {[%clk 0:01:26]} Qc6
{[%clk 0:04:44]} 41. Qe4 {[%clk 0:01:13]}
1-0

[Event "Landsturneringen 2017"]
[Site "Clarion Energy Hotel, Stavanger"]
[Date "2017.07.02"]
[Round "3"]
[White "Elsness, Frode"]
[Black "Tari, Aryan"]
[Result "1/2-1/2"]
[WhiteElo "2466"]
[BlackElo "2593"]
[PlyCount "137"]

1. d4 {[%clk 1:28:45]} Nf6 {[%clk 1:30:40]} 2. c4 {[%clk 1:29:11]} e6
{[%clk 1:30:36]} 3. Nf3 {[%clk 1:29:37]} d5 {[%clk 1:30:51]} 4. g3
{[%clk 1:29:46]} Bb4+ {[%clk 1:30:44]} 5. Bd2 {[%clk 1:30:12]} Bd6
{[%clk 1:31:00]} 6. Nc3 {[%clk 1:30:00]} O-O {[%clk 1:30:15]} 7. Bg5
{[%clk 1:29:46]} Be7 {[%clk 1:29:55]} 8. Bg2 {[%clk 1:22:26]} Nbd7
{[%clk 1:29:36]} 9. O-O {[%clk 1:20:43]} dxc4 {[%clk 1:29:47]} 10. Nd2
{[%clk 1:13:49]} Nb6 {[%clk 1:26:53]} 11. e3 {[%clk 1:10:16]} e5 {[%clk 1:13:14]}
12. Bxf6 {[%clk 0:59:54]} Bxf6 {[%clk 1:13:28]} 13. d5 {[%clk 1:00:22]} c6
{[%clk 0:55:26]} 14. dxc6 {[%clk 0:54:43]} bxc6 {[%clk 0:55:52]} 15. Bxc6
{[%clk 0:55:03]} Rb8 {[%clk 0:55:37]} 16. Qe2 {[%clk 0:44:40]} Be6
{[%clk 0:54:15]} 17. Rfd1 {[%clk 0:38:31]} Qc8 {[%clk 0:52:30]} 18. Bf3
{[%clk 0:37:15]} Be7 {[%clk 0:50:49]} 19. Rac1 {[%clk 0:34:54]} Rd8
{[%clk 0:49:16]} 20. Ndb1 {[%clk 0:32:15]} Qc5 {[%clk 0:28:07]} 21. Rxd8+
{[%clk 0:30:44]} Rxd8 {[%clk 0:26:07]} 22. Rd1 {[%clk 0:31:05]} g6
{[%clk 0:23:23]} 23. Rxd8+ {[%clk 0:30:11]} Bxd8 {[%clk 0:23:51]} 24. Bg4
{[%clk 0:25:35]} f5 {[%clk 0:21:59]} 25. Bh3 {[%clk 0:25:09]} Qd6
{[%clk 0:16:09]} 26. e4 {[%clk 0:24:14]} Kg7 {[%clk 0:09:07]} 27. Nd2
{[%clk 0:21:21]} Bg5 {[%clk 0:06:23]} 28. exf5 {[%clk 0:13:16]} Bxf5
{[%clk 0:04:52]} 29. Nde4 {[%clk 0:11:06]} Bxe4 {[%clk 0:04:58]} 30. Nxe4
{[%clk 0:11:31]} Qe7 {[%clk 0:04:55]} 31. Qd1 {[%clk 0:09:47]} Qd8
{[%clk 0:04:35]} 32. Qg4 {[%clk 0:08:30]} Be7 {[%clk 0:04:28]} 33. Qe6
{[%clk 0:08:24]} Qc7 {[%clk 0:04:14]} 34. Bf1 {[%clk 0:08:28]} Bd8
{[%clk 0:03:07]} 35. h4 {[%clk 0:06:11]} Qe7 {[%clk 0:01:43]} 36. Bxc4
{[%clk 0:05:24]} Qxe6 {[%clk 0:02:11]} 37. Bxe6 {[%clk 0:05:51]} Be7
{[%clk 0:02:37]} 38. b3 {[%clk 0:04:14]} Na8 {[%clk 0:02:35]} 39. Kf1
{[%clk 0:03:42]} Nc7 {[%clk 0:03:04]} 40. Bc4 {[%clk 0:02:17]} Ne8
{[%clk 0:03:33]} 41. Ke2 {[%clk 0:28:03]} h6 {[%clk 0:30:52]} 42. Kd3
{[%clk 0:26:40]} Nf6 {[%clk 0:31:06]} 43. Nc3 {[%clk 0:22:58]} Bc5
{[%clk 0:31:21]} 44. Ke2 {[%clk 0:22:41]} g5 {[%clk 0:20:06]} 45. hxg5
{[%clk 0:22:42]} hxg5 {[%clk 0:20:34]} 46. Be6 {[%clk 0:19:28]} Kf8
{[%clk 0:15:50]} 47. f3 {[%clk 0:11:06]} Bd4 {[%clk 0:15:18]} 48. Nb5
{[%clk 0:10:56]} Bb6 {[%clk 0:15:26]} 49. Bc4 {[%clk 0:10:14]} e4
{[%clk 0:15:17]} 50. fxe4 {[%clk 0:09:06]} Nxe4 {[%clk 0:15:45]} 51. Kf3
{[%clk 0:09:28]} Nf6 {[%clk 0:15:29]} 52. b4 {[%clk 0:08:20]} Ke7
{[%clk 0:14:49]} 53. a4 {[%clk 0:08:26]} a5 {[%clk 0:14:24]} 54. bxa5
{[%clk 0:08:23]} Bxa5 {[%clk 0:14:10]} 55. Nd4 {[%clk 0:08:46]} Kd6
{[%clk 0:13:44]} 56. Nb3 {[%clk 0:08:55]} Be1 {[%clk 0:11:54]} 57. a5
{[%clk 0:08:50]} g4+ {[%clk 0:11:40]} 58. Kg2 {[%clk 0:08:40]} Kc7
{[%clk 0:11:22]} 59. a6 {[%clk 0:08:26]} Kb6 {[%clk 0:11:34]} 60. Nc5
{[%clk 0:06:00]} Bb4 {[%clk 0:10:43]} 61. Ne6 {[%clk 0:04:46]} Bd6
{[%clk 0:10:40]} 62. Nd4 {[%clk 0:05:01]} Bb8 {[%clk 0:10:49]} 63. Nf5
{[%clk 0:04:50]} Ne4 {[%clk 0:09:27]} 64. Ne7 {[%clk 0:04:21]} Nxg3
{[%clk 0:09:43]} 65. Nc8+ {[%clk 0:03:45]} Kc5 {[%clk 0:10:06]} 66. a7
{[%clk 0:03:51]} Bxa7 {[%clk 0:10:32]} 67. Nxa7 {[%clk 0:04:18]} Kxc4
{[%clk 0:10:55]} 68. Kxg3 {[%clk 0:04:44]} Kc5 {[%clk 0:11:21]} 69. Kxg4
{[%clk 0:05:10]}
1/2-1/2

[Event "Landsturneringen 2017"]
[Site "Clarion Energy Hotel, Stavanger"]
[Date "2017.07.02"]
[Round "3"]
[White "Urkedal, Frode Olav Olsen"]
[Black "Hauge, Lars Oskar"]
[Result "1-0"]
[WhiteElo "2541"]
[BlackElo "2448"]
[PlyCount "73"]

1. d4 {[%clk 1:30:57]} Nf6 {[%clk 1:30:34]} 2. c4 {[%clk 1:31:23]} e6
{[%clk 1:31:01]} 3. Nc3 {[%clk 1:29:14]} Bb4 {[%clk 1:31:18]} 4. Qc2
{[%clk 1:28:06]} O-O {[%clk 1:31:18]} 5. Nf3 {[%clk 1:28:26]} c5 {[%clk 1:30:31]}
6. dxc5 {[%clk 1:28:04]} Na6 {[%clk 1:30:30]} 7. g3 {[%clk 1:28:30]} Nxc5
{[%clk 1:30:10]} 8. Bg2 {[%clk 1:28:54]} b6 {[%clk 1:26:33]} 9. O-O
{[%clk 1:28:33]} Bb7 {[%clk 1:25:37]} 10. Nb5 {[%clk 1:28:52]} Be4
{[%clk 1:24:48]} 11. Qd1 {[%clk 1:29:17]} a6 {[%clk 1:24:22]} 12. Nd6
{[%clk 1:29:40]} Bc6 {[%clk 1:24:29]} 13. a3 {[%clk 1:30:07]} Ba4
{[%clk 1:24:54]} 14. b3 {[%clk 1:30:34]} Bxb3 {[%clk 1:24:48]} 15. Qd4
{[%clk 1:30:52]} Ba5 {[%clk 1:25:08]} 16. Ne5 {[%clk 1:31:14]} Ra7
{[%clk 1:16:45]} 17. Bb2 {[%clk 1:20:05]} Na4 {[%clk 1:03:09]} 18. Nb7
{[%clk 1:19:16]} Qc7 {[%clk 0:52:41]} 19. Nxa5 {[%clk 1:16:26]} bxa5
{[%clk 0:52:57]} 20. Ng4 {[%clk 0:32:28]} Nxb2 {[%clk 0:50:04]} 21. Nxf6+
{[%clk 0:29:40]} gxf6 {[%clk 0:48:44]} 22. Qxb2 {[%clk 0:30:03]} Bxc4
{[%clk 0:49:03]} 23. Qxf6 {[%clk 0:29:13]} d5 {[%clk 0:49:17]} 24. Qg5+
{[%clk 0:28:07]} Kh8 {[%clk 0:49:26]} 25. Qf6+ {[%clk 0:28:14]} Kg8
{[%clk 0:49:44]} 26. Rfe1 {[%clk 0:27:21]} Qe7 {[%clk 0:48:59]} 27. Qc3
{[%clk 0:27:23]} Qc5 {[%clk 0:47:56]} 28. Qe5 {[%clk 0:27:39]} Rc7
{[%clk 0:39:53]} 29. Rad1 {[%clk 0:22:34]} d4 {[%clk 0:35:22]} 30. Qf6
{[%clk 0:19:08]} e5 {[%clk 0:35:13]} 31. Qg5+ {[%clk 0:17:49]} Kh8
{[%clk 0:35:33]} 32. Qf6+ {[%clk 0:18:15]} Kg8 {[%clk 0:36:00]} 33. Rc1
{[%clk 0:15:32]} Rfc8 {[%clk 0:31:31]} 34. Rc2 {[%clk 0:11:21]} Qxa3
{[%clk 0:20:30]} 35. Qg5+ {[%clk 0:11:31]} Kf8 {[%clk 0:20:23]} 36. Qxe5
{[%clk 0:11:40]} Rc5 {[%clk 0:12:29]} 37. Qd6+ {[%clk 0:11:36]}
1-0

[Event "Landsturneringen 2017"]
[Site "Clarion Energy Hotel, Stavanger"]
[Date "2017.07.02"]
[Round "3"]
[White "Christiansen, Johan-Sebastian"]
[Black "Risting, Eivind Olav"]
[Result "1-0"]
[WhiteElo "2458"]
[BlackElo "2295"]
[PlyCount "71"]

1. e4 {[%clk 1:26:08]} c6 {[%clk 1:23:28]} 2. Nc3 {[%clk 1:26:02]} d5
{[%clk 1:23:40]} 3. Nf3 {[%clk 1:26:30]} Nf6 {[%clk 1:23:21]} 4. e5
{[%clk 1:26:53]} Ne4 {[%clk 1:23:47]} 5. Ne2 {[%clk 1:27:08]} Qb6
{[%clk 1:24:13]} 6. d4 {[%clk 1:27:27]} e6 {[%clk 1:24:24]} 7. Nfg1
{[%clk 1:27:35]} f6 {[%clk 1:24:40]} 8. f3 {[%clk 1:27:54]} Ng5 {[%clk 1:25:06]}
9. exf6 {[%clk 1:27:59]} gxf6 {[%clk 1:25:30]} 10. f4 {[%clk 1:28:20]} Nf7
{[%clk 1:25:56]} 11. Nf3 {[%clk 1:28:36]} e5 {[%clk 1:26:19]} 12. fxe5
{[%clk 1:28:32]} fxe5 {[%clk 1:26:43]} 13. Ng3 {[%clk 1:28:49]} Bg4
{[%clk 1:08:45]} 14. Be2 {[%clk 1:29:13]} Bxf3 {[%clk 0:56:40]} 15. Bxf3
{[%clk 1:28:58]} Qxd4 16. Qxd4 {[%clk 1:29:20]} exd4 {[%clk 0:56:45]} 17. Bd2
{[%clk 1:29:49]} Nd7 {[%clk 0:50:27]} 18. O-O-O {[%clk 1:30:11]} O-O-O
{[%clk 0:46:51]} 19. Bh5 {[%clk 1:30:02]} Nde5 {[%clk 0:41:07]} 20. Rde1
{[%clk 1:30:31]} Bd6 {[%clk 0:34:39]} 21. Rhf1 {[%clk 1:27:53]} Rd7
{[%clk 0:29:14]} 22. Nf5 {[%clk 1:27:01]} Bc7 {[%clk 0:21:21]} 23. Nxd4
{[%clk 1:19:10]} Rg8 {[%clk 0:19:56]} 24. g4 {[%clk 0:57:17]} Ng6
{[%clk 0:10:35]} 25. g5 {[%clk 0:51:16]} Nfe5 {[%clk 0:09:57]} 26. Nf5
{[%clk 0:50:34]} Kb8 {[%clk 0:09:06]} 27. b3 {[%clk 0:48:30]} Rf8
{[%clk 0:05:23]} 28. Bb4 {[%clk 0:47:56]} Rfd8 {[%clk 0:03:17]} 29. Nd4
{[%clk 0:39:20]} Rg8 {[%clk 0:01:57]} 30. Rf6 {[%clk 0:31:12]} a5
{[%clk 0:01:22]} 31. Ba3 {[%clk 0:30:46]} Nf7 {[%clk 0:01:22]} 32. Bg4
{[%clk 0:30:38]} Nfe5 {[%clk 0:00:34]} 33. Bxd7 {[%clk 0:30:55]} Nxd7
{[%clk 0:01:02]} 34. Rf7 {[%clk 0:30:45]} Bf4+ {[%clk 0:00:37]} 35. Kd1
{[%clk 0:31:14]} Nde5 {[%clk 0:00:35]} 36. Rxf4 {[%clk 0:31:24]}
1-0

[Event "Landsturneringen 2017"]
[Site "Clarion Energy Hotel, Stavanger"]
[Date "2017.07.02"]
[Round "3"]
[White "Kaasen, Tor Fredrik"]
[Black "Lie, Kjetil A."]
[Result "0-1"]
[WhiteElo "2402"]
[BlackElo "2539"]
[PlyCount "84"]

1. d4 {[%clk 1:30:27]} Nf6 {[%clk 1:30:19]} 2. c4 {[%clk 1:30:50]} e6
{[%clk 1:30:30]} 3. Nf3 {[%clk 1:31:02]} c5 {[%clk 1:30:25]} 4. d5
{[%clk 1:31:11]} b5 {[%clk 1:30:37]} 5. Bg5 {[%clk 1:08:23]} b4 {[%clk 1:30:32]}
6. e4 {[%clk 1:03:53]} d6 {[%clk 1:29:47]} 7. Bd3 {[%clk 1:00:06]} Be7
{[%clk 1:28:30]} 8. O-O {[%clk 0:57:56]} a5 {[%clk 1:23:25]} 9. dxe6
{[%clk 0:51:24]} Bxe6 {[%clk 1:21:51]} 10. e5 {[%clk 0:51:42]} dxe5
{[%clk 1:16:03]} 11. Nxe5 {[%clk 0:51:02]} Qd4 {[%clk 0:50:39]} 12. Qe2
{[%clk 0:46:21]} h6 {[%clk 0:44:32]} 13. Re1 {[%clk 0:37:23]} Ra6
{[%clk 0:35:11]} 14. Bc1 {[%clk 0:27:40]} Nc6 {[%clk 0:23:05]} 15. Nf3
{[%clk 0:19:24]} Qd7 {[%clk 0:22:13]} 16. Nbd2 {[%clk 0:18:12]} O-O
{[%clk 0:20:51]} 17. Ne4 {[%clk 0:17:51]} Rd8 {[%clk 0:19:50]} 18. Bc2
{[%clk 0:16:36]} Bf5 {[%clk 0:08:29]} 19. Bf4 {[%clk 0:14:44]} Bxe4
{[%clk 0:08:04]} 20. Bxe4 {[%clk 0:15:07]} Nxe4 {[%clk 0:07:50]} 21. Qxe4
{[%clk 0:15:32]} Bf6 {[%clk 0:08:07]} 22. Rab1 {[%clk 0:11:06]} Nd4
{[%clk 0:07:11]} 23. Nxd4 {[%clk 0:08:44]} Bxd4 {[%clk 0:07:04]} 24. h3
{[%clk 0:08:07]} Re6 {[%clk 0:06:05]} 25. Qc2 {[%clk 0:08:04]} Rde8
{[%clk 0:05:37]} 26. Rxe6 {[%clk 0:07:10]} Rxe6 {[%clk 0:04:29]} 27. Rd1
{[%clk 0:06:54]} Qe7 {[%clk 0:04:27]} 28. Kf1 {[%clk 0:01:42]} Qf6
{[%clk 0:04:46]} 29. Qd2 {[%clk 0:01:31]} Bxb2 {[%clk 0:04:05]} 30. Be3
{[%clk 0:01:47]} Bc3 {[%clk 0:02:34]} 31. Qd8+ {[%clk 0:01:33]} Qxd8
{[%clk 0:02:26]} 32. Rxd8+ {[%clk 0:01:58]} Kh7 {[%clk 0:02:52]} 33. Rd5
{[%clk 0:02:18]} a4 {[%clk 0:02:52]} 34. Bd2 {[%clk 0:00:32]} Bxd2
{[%clk 0:01:29]} 35. Rxd2 {[%clk 0:01:01]} Re4 {[%clk 0:01:47]} 36. Rc2
{[%clk 0:01:25]} Kg6 {[%clk 0:01:14]} 37. f3 {[%clk 0:01:48]} Rd4
{[%clk 0:00:54]} 38. Ke2 {[%clk 0:02:04]} f5 {[%clk 0:00:59]} 39. g3
{[%clk 0:02:18]} f4 {[%clk 0:01:10]} 40. gxf4 {[%clk 0:01:52]} Rxf4
{[%clk 0:01:22]} 41. Ke3 {[%clk 0:02:16]} Kf5 {[%clk 0:01:03]} 42. Kd3
{[%clk 0:01:18]} Rxf3+ {[%clk 0:01:16]}
0-1

[Event "Landsturneringen 2017"]
[Site "Clarion Energy Hotel, Stavanger"]
[Date "2017.07.02"]
[Round "3"]
[White "Haldorsen, Benjamin"]
[Black "Lie, Espen"]
[Result "1/2-1/2"]
[WhiteElo "2356"]
[BlackElo "2462"]
[PlyCount "82"]

1. e4 {[%clk 1:28:16]} Nf6 {[%clk 1:30:51]} 2. e5 {[%clk 1:27:35]} Nd5
{[%clk 1:31:15]} 3. d4 {[%clk 1:28:00]} d6 {[%clk 1:31:39]} 4. Nf3
{[%clk 1:28:24]} dxe5 {[%clk 1:31:56]} 5. c4 {[%clk 1:28:46]} e4 {[%clk 1:26:57]}
6. cxd5 {[%clk 1:29:01]} exf3 {[%clk 1:27:17]} 7. Qxf3 {[%clk 1:29:26]} g6
{[%clk 1:15:10]} 8. Bb5+ {[%clk 1:29:51]} Bd7 {[%clk 1:00:11]} 9. Bc4
{[%clk 1:30:02]} Bg7 {[%clk 1:00:23]} 10. Nc3 {[%clk 1:30:28]} O-O
{[%clk 0:48:47]} 11. O-O {[%clk 1:30:54]} c6 {[%clk 0:37:01]} 12. Bg5
{[%clk 0:51:30]} h6 {[%clk 0:36:09]} 13. Be3 {[%clk 0:51:03]} cxd5
{[%clk 0:34:04]} 14. Bxd5 {[%clk 0:51:09]} Bc6 {[%clk 0:34:12]} 15. Bxc6
{[%clk 0:44:39]} Nxc6 {[%clk 0:34:30]} 16. Rfd1 {[%clk 0:45:04]} Qd7
{[%clk 0:30:38]} 17. d5 {[%clk 0:43:58]} Ne5 {[%clk 0:28:36]} 18. Qg3
{[%clk 0:44:01]} Nc4 {[%clk 0:25:01]} 19. Bd4 {[%clk 0:43:55]} Rac8
{[%clk 0:18:35]} 20. Bxg7 {[%clk 0:43:12]} Kxg7 {[%clk 0:19:03]} 21. b3
{[%clk 0:41:01]} Nd6 {[%clk 0:19:11]} 22. Qe5+ {[%clk 0:37:28]} Kh7
{[%clk 0:19:34]} 23. g3 {[%clk 0:31:07]} Rc7 {[%clk 0:15:35]} 24. Ne4
{[%clk 0:28:52]} Rd8 {[%clk 0:14:42]} 25. Rac1 {[%clk 0:27:30]} Rdc8
{[%clk 0:13:20]} 26. Rxc7 {[%clk 0:26:49]} Rxc7 {[%clk 0:13:44]} 27. h4
{[%clk 0:25:31]} Qf5 {[%clk 0:11:22]} 28. Qxf5 {[%clk 0:25:10]} Nxf5
{[%clk 0:11:51]} 29. Kg2 {[%clk 0:24:22]} Rc2 {[%clk 0:09:15]} 30. Rd2
{[%clk 0:23:26]} Rxd2 {[%clk 0:09:40]} 31. Nxd2 {[%clk 0:23:50]} Nd4
{[%clk 0:10:04]} 32. Nc4 {[%clk 0:23:26]} Nb5 {[%clk 0:08:19]} 33. a4
{[%clk 0:21:49]} Nd6 {[%clk 0:06:56]} 34. Nxd6 {[%clk 0:21:17]} exd6
{[%clk 0:07:25]} 35. b4 {[%clk 0:21:23]} Kg7 {[%clk 0:07:23]} 36. Kf3
{[%clk 0:21:41]} f5 {[%clk 0:04:37]} 37. Ke3 {[%clk 0:20:11]} Kf6
{[%clk 0:05:02]} 38. f4 {[%clk 0:20:33]} Ke7 {[%clk 0:02:26]} 39. Kd4
{[%clk 0:20:56]} Kd7 {[%clk 0:02:33]} 40. Kc4 {[%clk 0:21:08]} a6
{[%clk 0:01:51]} 41. a5 {[%clk 0:20:43]} h5 {[%clk 0:02:12]}
1/2-1/2

[Event "Landsturneringen 2017"]
[Site "Clarion Energy Hotel, Stavanger"]
[Date "2017.07.02"]
[Round "3"]
[White "Arvola, Benjamin"]
[Black "Haug, Johannes"]
[Result "0-1"]
[WhiteElo "2435"]
[BlackElo "2335"]
[PlyCount "83"]

1. e4 {[%clk 1:30:58]} c6 {[%clk 1:30:51]} 2. d4 {[%clk 1:31:25]} d5
{[%clk 1:31:09]} 3. Nc3 {[%clk 1:31:52]} dxe4 {[%clk 1:31:10]} 4. Nxe4
{[%clk 1:32:19]} Bf5 {[%clk 1:31:20]} 5. Ng3 {[%clk 1:32:45]} Bg6
{[%clk 1:31:43]} 6. Nf3 {[%clk 1:33:06]} Nd7 {[%clk 1:31:54]} 7. h4
{[%clk 1:33:31]} h6 {[%clk 1:31:51]} 8. h5 {[%clk 1:33:58]} Bh7 {[%clk 1:32:12]}
9. Bd3 {[%clk 1:34:26]} Bxd3 {[%clk 1:32:32]} 10. Qxd3 {[%clk 1:34:53]} e6
{[%clk 1:32:35]} 11. Bf4 {[%clk 1:35:04]} Qa5+ {[%clk 1:32:13]} 12. Bd2
{[%clk 1:35:29]} Bb4 {[%clk 1:31:38]} 13. c3 {[%clk 1:35:54]} Be7
{[%clk 1:32:01]} 14. c4 {[%clk 1:29:36]} Qc7 {[%clk 1:30:35]} 15. O-O-O
{[%clk 1:28:19]} Ngf6 {[%clk 1:30:21]} 16. Rhe1 {[%clk 1:26:54]} O-O
{[%clk 1:24:36]} 17. Ne5 {[%clk 1:12:08]} Nxe5 {[%clk 1:05:59]} 18. dxe5
{[%clk 1:12:22]} Rfd8 {[%clk 1:05:23]} 19. Qe2 {[%clk 1:11:58]} Nd7
{[%clk 1:04:36]} 20. Kb1 {[%clk 1:03:58]} a5 {[%clk 0:56:36]} 21. f4
{[%clk 0:58:07]} Nc5 {[%clk 0:36:58]} 22. Be3 {[%clk 0:37:55]} a4
{[%clk 0:30:40]} 23. Qc2 {[%clk 0:28:53]} Qa5 {[%clk 0:24:44]} 24. a3
{[%clk 0:16:31]} b5 {[%clk 0:12:13]} 25. Bd2 {[%clk 0:11:37]} Qa6
{[%clk 0:04:54]} 26. Bb4 {[%clk 0:05:59]} bxc4 {[%clk 0:01:51]} 27. Ne4
{[%clk 0:06:23]} Rxd1+ {[%clk 0:00:42]} 28. Rxd1 {[%clk 0:06:47]} Qb5
{[%clk 0:00:44]} 29. Rc1 {[%clk 0:01:47]} Nxe4 {[%clk 0:00:43]} 30. Bxe7
{[%clk 0:01:58]} c3 {[%clk 0:00:57]} 31. Re1 {[%clk 0:00:43]} Nd2+
{[%clk 0:00:49]} 32. Kc1 {[%clk 0:00:45]} Nb3+ {[%clk 0:00:48]} 33. Kb1
{[%clk 0:01:13]} cxb2 34. Rd1 {[%clk 0:01:26]} c5 {[%clk 0:00:56]} 35. Bd6
{[%clk 0:01:34]} Qc6 {[%clk 0:00:49]} 36. Kxb2 {[%clk 0:01:15]} Nd4
{[%clk 0:00:39]} 37. Rxd4 {[%clk 0:00:33]} Qb7+ {[%clk 0:00:52]} 38. Rb4
{[%clk 0:01:01]} cxb4 {[%clk 0:01:12]} 39. Bxb4 {[%clk 0:01:16]} Rc8
{[%clk 0:01:18]} 40. Qd2 {[%clk 0:01:14]} Qc6 {[%clk 0:01:04]} 41. g4
{[%clk 0:27:07]} Qf3 {[%clk 0:21:18]} 42. g5 {[%clk 0:27:07]}
0-1